000 00290nam a2200133Ia 4500
100 _aReynolds T J
942 _cBK
654 _aStructural Work
245 _aStructural Steel Work
260 _bEnglish Universities Press
082 _a624.1
_bRey/Ken
546 _aENGLISH
999 _c33428
_d33428